书目信息 |
| 题名: |
强震下隔震结构支座损伤的数值模拟研究
|
|
| 作者: | 任玥 著 | |
| 分册: | ||
| 出版信息: | 南京 江苏凤凰科学技术出版社 2022.02 |
|
| 页数: | 151页 | |
| 开本: | 24cm | |
| 丛书名: | ||
| 单 册: | ||
| 中图分类: | TU753.7 | |
| 科图分类: | ||
| 主题词: | 建筑施工--jian zhu shi gong--抗震支座--数值模拟 | |
| 电子资源: | ||
| ISBN: | 978-7-5713-2767-5 | |
| 000 | 01059nam0 2200229 450 | |
| 001 | 27669 | |
| 005 | 20220921170718.56 | |
| 010 | @a978-7-5713-2767-5@dCNY69.80 | |
| 100 | @a20220517d2022 em y0chiy50 ea | |
| 101 | 0 | @achi |
| 102 | @aCN@b320000 | |
| 105 | @aa a 000yy | |
| 200 | 1 | @a强震下隔震结构支座损伤的数值模拟研究@Aqiang zhen xia ge zhen jie gou zhi zuo sun shang de shu zhi mo ni yan jiu@f任玥著 |
| 210 | @a南京@c江苏凤凰科学技术出版社@d2022.02 | |
| 215 | @a151页@c图@d24cm | |
| 320 | @a有书目 (第142-151页) | |
| 330 | @a本书以单体隔震支座的损伤研究为基础,定义其拉伸和剪切两种情况下的破坏准则,分析由此组成的隔震层在单个或多个隔震支座破坏失效后的层刚度弱化情况,同时探讨对隔震层和上部结构所造成的影响。此外,通过有限元软件,分析隔震层与挡墙冲撞后的上部结构的反应情况。最后通过振动台试验,探讨了不同隔震形式的结构在遇到碰撞后对上部结构所产生的影响。 | |
| 606 | 0 | @a建筑施工@Ajian zhu shi gong@x抗震支座@x数值模拟 |
| 690 | @aTU753.7@v5 | |
| 701 | 0 | @a任玥@Aren yue@4著 |
| 801 | 0 | @aCN@c20220910 |
| 905 | @a河南城建学院图书馆@dTU753.7@eR571@f2 | |
| 强震下隔震结构支座损伤的数值模拟研究/任玥著.-南京:江苏凤凰科学技术出版社,2022.02 |
| 151页:图;24cm |
| ISBN 978-7-5713-2767-5:CNY69.80 |
| 本书以单体隔震支座的损伤研究为基础,定义其拉伸和剪切两种情况下的破坏准则,分析由此组成的隔震层在单个或多个隔震支座破坏失效后的层刚度弱化情况,同时探讨对隔震层和上部结构所造成的影响。此外,通过有限元软件,分析隔震层与挡墙冲撞后的上部结构的反应情况。最后通过振动台试验,探讨了不同隔震形式的结构在遇到碰撞后对上部结构所产生的影响。 |
| ● |
| 相关链接 |
|
|
|
正题名:强震下隔震结构支座损伤的数值模拟研究
索取号:TU753.7/R571
 
预约/预借
| 序号 | 登录号 | 条形码 | 馆藏地/架位号 | 状态 | 备注 |
| 1 | 1579993 | 215799937 | 建筑库201/201建筑库 41排7列5层/ [索取号:TU753.7/R571] | 在馆 | |
| 2 | 1579994 | 215799946 | 建筑库201/201建筑库 41排7列5层/ [索取号:TU753.7/R571] | 在馆 |